LEADER 01123nam0 2200313 450 001 000036126 005 20170216134057.0 100 $a20140307d1971----km-y0itaa50------ba 101 0 $aita 102 $aIT 200 1 $aFilologia e storia$fGiorgio Pasquali$gcon una premessa di Alessandro Ronconi 205 $aNuova ed. 210 $aFirenze$cLe Monnier$d1971 215 $aIX, 94 p.$d19 cm. 225 2 $aBibliotechina del saggiatore$v2 410 0$12001$aBibliotechina del saggiatore$v2 606 1 $aFilologia classica 676 $a480.09$v(22. ed.)$9Lingue classiche. Trattamento storico e geografico 700 1$aPasquali,$bGiorgio$0139210 702 1$aRonconi,$bAlessandro 801 0$aIT$bUniversità della Basilicata - B.I.A.$gREICAT$2unimarc 912 $a000036126 996 $aFilologia e storia$9101449 997 $aUNIBAS BAS $aLETTERE CAT $aSTD098$b01$c20140307$lBAS01$h0907 CAT $aMDL$b30$c20170216$lBAS01$h1340 FMT Z30 -1$lBAS01$LBAS01$mBOOK$1BASA1$APolo Storico-Umanistico$2GEN$BCollezione generale$3FP/55296$655296$5L55296$820140307$f02$FPrestabile Generale